All Towns in Montenegro with 1k population - Statistics

General Stats
  • This quiz has been taken 14 times
  • The average score is 34 of 73
Answers on the Map
Answers color-coded by a green-red scale on the quiz's map according to % correct below.
 
Answer Stats
Population Answer % Correct
15,868 Bar
100%
9,923 Berane
100%
20,168 Budva
100%
54,394 Nikšić
100%
173,024 Podgorica
100%
11,488 Ulcinj
100%
12,460 Cetinje
90%
10,259 Herceg Novi
90%
1,360 Kotor
90%
16,419 Pljevlja
90%
10,894 Tivat
90%
5,735 Tuzi
90%
11,635 Bijelo Polje
80%
5,162 Danilovgrad
80%
5,897 Igalo
80%
4,985 Plav
80%
10,581 Rožaje
80%
2,225 Gusinje
70%
2,444 Kolašin
70%
1,816 Sutomore
70%
1,227 Baošići
60%
3,502 Bijela
60%
2,557 Golubovci
60%
2,506 Mojkovac
60%
1,102 Plužine
60%
1,186 Radanovići
60%
1,499 Žabljak
60%
1,315 Zelenika
60%
1,239 Đenovići
50%
7,345 Dobrota
50%
1,427 Kuti
50%
3,342 Škaljari
50%
1,596 Stari Bar
50%
3,272 Šušanj
50%
1,396 Dobra Voda
40%
1,004 Lužac
40%
1,263 Meljine
40%
1,451 Petrovac na Moru
40%
1,026 Polja
40%
1,030 Prčanj
40%
1,830 Risan
40%
1,882 Spuž
40%
2,079 Bjeliši
30%
1,335 Donji Štoj
30%
2,485 Ibarac
30%
1,207 Mataguži
30%
2,609 Mrčevac
30%
1,908 Ozrinići
30%
1,207 Podi
30%
2,136 Polje
30%
1,384 Tomba
30%
1,504 Beran Selo
20%
2,089 Budimlja
20%
4,423 Burtaiši
20%
1,547 Čeluga
20%
1,103 Ćurilac
20%
1,372 Dolac
20%
1,385 Goričani
20%
1,213 Loznica
20%
2,454 Mahala
20%
1,702 Mojanovići
20%
1,840 Rakonje
20%
1,676 Donji Kokoti
10%
1,853 Grbe
10%
1,820 Nedakusi
10%
1,805 Pešca
10%
1,028 Potkrajci
10%
2,812 Resnik
10%
1,242 Suho Polje
10%
1,040 Sutivan
10%
1,711 Donje Luge
0%
1,561 Kodre
0%
1,413 Lješnica
0%
No matching quizzes found
Score Distribution
Percent of People with Each Score
Percentile by Number Answered
Your Score History
You have not taken this quiz